Faune piscicole - Anatomie - Statistiques

Statistiques générales
  • Ce quiz a été pris 24 fois
    14 depuis la dernière actualisation
  • Le résultat moyen est 12 sur 24
Statistiques - réponses
Par images Réponse % Correct
Bouche infère
88%
Nageoire anale
88%
Ligne latérale
75%
Nageoire pectorale
75%
Nageoire pelvienne
75%
Vessie natatoire
75%
Barbillon
63%
Nageoire adipeuse
63%
Nageoire caudale
63%
Nageoire dorsale
63%
Opercule
63%
Bouche supère
50%
Bouche terminale
50%
Bouche protractile
38%
Écaille cycloïde
38%
Nageoire caudale asymétrique
38%
Nageoire caudale tronquée
38%
Nageoire dorsale épineuse
38%
Nageoire dorsale rayonnée
38%
Écaille Cténoïde
13%
Écaille placoïde
13%
Nageoire caudale arrondie
13%
Nageoire caudale échancrée
13%
Écaille ganoïde
0%
Aucun quiz correspondant
Distribution des résultats
% des personnes avec chaque résultat
Percentile par nombre de réponses
Votre historique - résultats
Vous n’avez pas pris ce quiz depuis la dernière actualisation